Vista normal
Vista MARC
Entrada Topical Term
Número de registros utilizados en: 1
001 - CONTROL NUMBER
- control field: 44404
003 - CONTROL NUMBER IDENTIFIER
- control field: OSt
005 - DATE AND TIME OF LATEST TRANSACTION
- control field: 20251028161203.0
008 - FIXED-LENGTH DATA ELEMENTS
- fixed length control field: 251028|| aca||aabn | a|a d
040 ## - CATALOGING SOURCE
- Original cataloging agency: OSt
- Transcribing agency: OSt
150 ## - HEADING--TOPICAL TERM
- Topical term or geographic name entry element: Personal docente
- General subdivision: Sueldos, pensiones, etc
- General subdivision: Legislación
- Geographic subdivision: Colombia
670 ## - SOURCE DATA FOUND
- Source citation: Work cat.: (OSt)31103: Sánchez Puerta, Gustavo. 44403, Actualidad pensional en el sector público colombiano / , 2013.